000 00574nam a2200193Ia 4500
003 GCL
008 140319s9999 xx 000 0 ara d
040 _aGCL /
_cGCL
082 0 4 _a780.92
_bح ا
100 1 _aحسام الدين زكريا
245 1 0 _aانطون بروكنر /
_cحسام الدين زكريا
300 _a231 ص
490 _aالالف كتاب الثانى
_v0
650 0 4 _aالموسيقى
650 0 4 _aالموسيقى الغربية
650 0 4 _aالموسيقيون - تراجم
650 0 4 _aانطون بروكنر
942 _2ddc
_cBK
999 _c49994
_d49994